000 00576nam a2200169 4500
001 111734
003 ES-MaACL
005 20230906185343.0
007 t|
008 061121s1958 sp r ||||1| spa d
100 1 _aNeubert, Otto.
_985431
245 1 3 _aEl Valle de los Reyes
_b: (Tutankh-Amón, un dios en féretros de oro) /
_cOtto Neubert; versión española por Manuel Heredero Higueras.
260 _aBarcelona [etc.] :
_bLabor,
_c1958.
300 _a365 p., 32 lám. ;
_c22 cm.
700 1 _aHeredero Higueras, Manuel.
_962685
852 _aES-MaACL
_jC-15747
_bR.42794
999 _c111734
_d111734